Aspectos del singular episodio protagonizado por Darwin y Wallace en 1858 /

Sparad:
Bibliografiska uppgifter
Huvudupphovsman: Makinistian, Alberto A.
Materialtyp: Text
Ämnen:
Taggar: Lägg till en tagg
Inga taggar, Lägg till första taggen!

MARC

LEADER 00000 a a2200000 04500
001 16060
003
040
100 |a Makinistian, Alberto A.  
245 |a Aspectos del singular episodio protagonizado por Darwin y Wallace en 1858 /  |c Alberto A. Makinistian 
650 |a BIOLOGIA  
650 |a DARWIN  
650 |a WALLACE  
773 |g volumen 14; páginas 17-24  
999 |c 25634  |d 25634